000 00304 a2200145 4500
003 Nust
005 20170207153519.0
040 _cNust
082 _a891.439
100 _aRehman, Shafquer
245 _aLehreen
_cShafque -ur- Rehman
260 _aLahore
_bMavra
300 _a174:p
650 _aUrdu Literature
942 _2ddc
_cBK
999 _c187621
_d187621